00349nam a2200133 a 4500008004100000020001500041050001800056100002200074245002300096246002400119260004000143300002300183350000900206120416s0000 ||||||||||||||||| || u a0026354454 aPE 9340.3 Gle aChin, Beverly Ann10aGlencoe literature athe reader's choice aNew YorkbGlencoe/McGraw-Hillc2000 axxix, 1199p : ill. a0.00